| 000 | 00661nam a2200229Ia 4500 | ||
|---|---|---|---|
| 003 | OSt | ||
| 005 | 20221006164358.0 | ||
| 006 | a|||||r|||| 00| 0 | ||
| 007 | ta | ||
| 008 | 221006b |||||||| |||| 00| 0 eng d | ||
| 024 | _a3,072 | ||
| 037 | _cTextual | ||
| 040 |
_aFML _cFML _beng |
||
| 041 |
_2eng _aeng |
||
| 082 | _aT:3(G:55), P6 | ||
| 100 |
_aSrivastav K K Au. _9677316 |
||
| 245 | 0 |
_aEnvironmental Education _b Principles, Concepts and Management |
|
| 260 |
_aNew Delhi _bKanishka Publishers, Distributors _c2006 |
||
| 300 |
_a456 _ccm. |
||
| 942 |
_hT:3(G:55), P6 _cTEXL _2CC |
||
| 999 |
_c1117058 _d1117058 |
||